Pokémon - Les attaques de Natu - Statistiques

Statistiques générales
  • Ce quiz a été pris 15 fois
  • Le résultat moyen est 7 sur 12
Statistiques - réponses
Niveaux Types Noms des attaques % Correct
Départ Vol Picpic
100%
Niveau 35 Psy Psyko
100%
Départ Normal Groz'Yeux
78%
Niveau 45 Psy Prescience
78%
Niveau 26 Psy Échange Psy
56%
Niveau 20 Spectre Ombre Nocturne
56%
Niveau 15 Spectre Onde Folie
56%
Niveau 10 Psy Téléport
56%
Niveau 40 Normal Vœu
56%
Niveau 30 Psy Permuforce
44%
Niveau 35 Psy Permugarde
44%
Niveau 5 Psy Force Ajoutée
11%
Aucun quiz correspondant
Distribution des résultats
% des personnes avec chaque résultat
Percentile par nombre de réponses
Votre historique - résultats
Vous n’avez pas pris ce quiz